Scottish monthly index - January - December 2001 (Record no. 101233)
[ view plain ]
| 000 -LEADER | |
|---|---|
| fixed length control field | 00871cam a2200301 4500 |
| 001 - CONTROL NUMBER | |
| control field | J63729 |
| 008 - FIXED-LENGTH DATA ELEMENTS--GENERAL INFORMATION | |
| fixed length control field | 000000n2001 000 0 eng u |
| 035 ## - SYSTEM CONTROL NUMBER | |
| System control number | (Sirsi) u111353 |
| 041 ## - LANGUAGE CODE | |
| Language code of text/sound track or separate title | eng |
| 050 ## - LIBRARY OF CONGRESS CALL NUMBER | |
| Classification number | 333.33016 |
| 110 ## - MAIN ENTRY--CORPORATE NAME | |
| Corporate name or jurisdiction name as entry element | Insignia Richard Ellis |
| 9 (RLIN) | 3847 |
| 245 ## - TITLE STATEMENT | |
| Title | Scottish monthly index - January - December 2001 |
| 260 ## - PUBLICATION, DISTRIBUTION, ETC. | |
| Place of publication, distribution, etc. | London |
| Name of publisher, distributor, etc. | Insignia Richard Ellis |
| Date of publication, distribution, etc. | 2001 |
| 300 ## - PHYSICAL DESCRIPTION | |
| Extent | 12pt. ; 30cm. |
| 520 ## - SUMMARY, ETC. | |
| Summary, etc. | Until February 2000 the company was known as Richard Ellis St. Quintin |
| 650 ## - SUBJECT ADDED ENTRY--TOPICAL TERM | |
| Topical term or geographic name entry element | CAPITAL VALUES |
| 650 ## - SUBJECT ADDED ENTRY--TOPICAL TERM | |
| Topical term or geographic name entry element | INDUSTRIAL PROPERTY |
| 650 ## - SUBJECT ADDED ENTRY--TOPICAL TERM | |
| Topical term or geographic name entry element | OFFICES |
| 650 ## - SUBJECT ADDED ENTRY--TOPICAL TERM | |
| Topical term or geographic name entry element | PROPERTY INDICES |
| 650 ## - SUBJECT ADDED ENTRY--TOPICAL TERM | |
| Topical term or geographic name entry element | PROPERTY INVESTMENT |
| 650 ## - SUBJECT ADDED ENTRY--TOPICAL TERM | |
| Topical term or geographic name entry element | RENTAL VALUES |
| 650 ## - SUBJECT ADDED ENTRY--TOPICAL TERM | |
| Topical term or geographic name entry element | SCOTLAND |
| 650 ## - SUBJECT ADDED ENTRY--TOPICAL TERM | |
| Topical term or geographic name entry element | SHOPS |
| 690 ## - LOCAL SUBJECT ADDED ENTRY--TOPICAL TERM (OCLC, RLIN) | |
| Topical term or geographic name as entry element | PROPERTY-COMMERCIAL PROPERTY |
| 710 ## - ADDED ENTRY--CORPORATE NAME | |
| Corporate name or jurisdiction name as entry element | Richard Ellis St. Quintin |
| 9 (RLIN) | 3738 |
| 710 ## - ADDED ENTRY--CORPORATE NAME | |
| Corporate name or jurisdiction name as entry element | Richard Ellis |
| 9 (RLIN) | 1875 |
| 942 ## - ADDED ENTRY ELEMENTS (KOHA) | |
| Suppress in OPAC | 0 |
| Withdrawn status | Lost status | Source of classification or shelving scheme | Damaged status | Not for loan | Home library | Current library | Shelving location | Date acquired | Total Checkouts | Full call number | Barcode | Date last seen | Copy number | Price effective from | Koha item type |
|---|---|---|---|---|---|---|---|---|---|---|---|---|---|---|---|
| Dewey Decimal Classification | London | London | Property market reports | 12/03/2001 | PROPERTY MARKET REPORTS | 30063729 | 06/08/2019 | 1 | 06/08/2019 | Reference material | |||||
| Dewey Decimal Classification | London | London | Property market reports | 10/04/2001 | PROPERTY MARKET REPORTS | 30064023 | 06/08/2019 | 2 | 06/08/2019 | Reference material | |||||
| Dewey Decimal Classification | London | London | Property market reports | 09/05/2001 | PROPERTY MARKET REPORTS | 30064393 | 06/08/2019 | 3 | 06/08/2019 | Reference material | |||||
| Dewey Decimal Classification | London | London | Property market reports | 08/06/2001 | PROPERTY MARKET REPORTS | 30064546 | 06/08/2019 | 4 | 06/08/2019 | Reference material | |||||
| Dewey Decimal Classification | London | London | Property market reports | 13/07/2001 | PROPERTY MARKET REPORTS | 30064686 | 06/08/2019 | 5 | 06/08/2019 | Reference material | |||||
| Dewey Decimal Classification | London | London | Property market reports | 21/03/2002 | PROPERTY MARKET REPORTS | 30065209 | 06/08/2019 | 6 | 06/08/2019 | Reference material | |||||
| Dewey Decimal Classification | London | London | Property market reports | 21/03/2002 | PROPERTY MARKET REPORTS | 30065205 | 06/08/2019 | 7 | 06/08/2019 | Reference material | |||||
| Dewey Decimal Classification | London | London | Property market reports | 21/03/2002 | PROPERTY MARKET REPORTS | 30065201 | 06/08/2019 | 8 | 06/08/2019 | Reference material | |||||
| Dewey Decimal Classification | London | London | Property market reports | 21/03/2002 | PROPERTY MARKET REPORTS | 30065202 | 06/08/2019 | 9 | 06/08/2019 | Reference material | |||||
| Dewey Decimal Classification | London | London | Property market reports | 21/03/2002 | PROPERTY MARKET REPORTS | 30065197 | 06/08/2019 | 10 | 06/08/2019 | Reference material | |||||
| Dewey Decimal Classification | London | London | Property market reports | 21/03/2002 | PROPERTY MARKET REPORTS | 30065198 | 06/08/2019 | 11 | 06/08/2019 | Reference material | |||||
| Dewey Decimal Classification | London | London | Property market reports | 21/03/2002 | PROPERTY MARKET REPORTS | 30065307 | 06/08/2019 | 12 | 06/08/2019 | Reference material |